[Event "EU-chT Seniors 50"]
[Site "Dresden"]
[Date "2022.11.02"]
[Round "7.1"]
[White "Hebden, Mark"]
[Black "Engman, Rikard"]
[Result "1-0"]
[WhiteElo "2434"]
[BlackElo "2140"]
[PlyCount "85"]
[EventDate "2022.10.27"]
[EventType "team-swiss"]
[EventRounds "9"]
[EventCountry "GER"]
[SourceTitle "EXT 2024"]
[Source "ChessBase"]
[SourceDate "2023.10.10"]
[SourceVersion "1"]
[SourceVersionDate "2023.10.10"]
[SourceQuality "1"]
[WhiteTeam "England 50"]
[BlackTeam "Sweden North 50"]
[WhiteTeamCountry "ENG"]
[BlackTeamCountry "SWE"]

1. d4 Nf6 2. Nf3 b6 3. e3 Bb7 4. Bd3 g6 5. Nbd2 c5 6. c3 Bg7 7. 0-0 0-0 8. e4 cxd4 9. cxd4 d6 10. Re1 Nc6 11. a3 Nd7 12. Nb3 a5 13. Be3 a4 14. Nbd2 e5 15. d5 Nd4 16. Bg5 Nxf3+ 17. Nxf3 Qb8 18. Be3 Ba6 19. Bxa6 Rxa6 20. Nd2 f5 21. f3 f4 22. Bf2 Rc8 23. Rc1 Rxc1 24. Qxc1 Nc5 25. Qc2 Bf8 26. Rc1 b5 27. Nb1 Ra8 28. Qe2 Qb7 29. Nc3 Nb3 30. Rd1 b4 31. Qb5 Qxb5 32. Nxb5 bxa3 33. bxa3 Rc8 34. Be1 Rc5 35. Nc3 Rc4 36. Rb1 Nc5 37. Rb4 Rxb4 38. axb4 Nd3 39. b5 Be7 40. Bf2 Nxf2 41. Kxf2 a3 42. b6 Bd8 43. b7 1-0

[Event "Heart of Finland op 29th"]
[Site "Jyvaskyla"]
[Date "2019.07.19"]
[Round "7"]
[White "Engman, Rikard"]
[Black "Galchenko, Matvey"]
[Result "0-1"]
[WhiteElo "2147"]
[BlackElo "2383"]
[PlyCount "70"]
[EventDate "2019.07.15"]
[EventType "swiss"]
[EventRounds "9"]
[EventCountry "FIN"]
[SourceTitle "CBM 191 Extra"]
[Source "ChessBase"]
[SourceDate "2019.09.30"]
[SourceVersion "1"]
[SourceVersionDate "2019.09.30"]
[SourceQuality "1"]

1. d4 Nf6 2. c4 c5 3. d5 e6 4. Nc3 exd5 5. cxd5 d6 6. Nf3 g6 7. Bf4 a6 8. a4 Bg7 9. h3 0-0 10. e3 Ne8 11. Be2 Nd7 12. 0-0 b6 13. Qd2 Qe7 14. Rfe1 Rb8 15. e4 f6 16. Rab1 Ne5 17. b4 Qc7 18. bxc5 dxc5 19. Nxe5 fxe5 20. Be3 Nd6 21. Qb2 Bf6 22. Rec1 Bh4 23. f3 Qe7 24. a5 b5 25. Bxc5 Bg5 26. Rf1 Bf4 27. Bd3 Qg5 28. Bxd6 Bxh3 29. Rf2 Be3 30. Bf1 Rxf3 31. Nd1 Rxf2 32. Nxf2 Rc8 33. Kh1 Bd7 34. Qe2 Bd4 35. Rb3 Qf6 0-1

[Event "Heart of Finland op 29th"]
[Site "Jyvaskyla"]
[Date "2019.07.16"]
[Round "3"]
[White "Seeman, Tarvo"]
[Black "Engman, Rikard"]
[Result "1-0"]
[WhiteElo "2377"]
[BlackElo "2147"]
[PlyCount "81"]
[EventDate "2019.07.15"]
[EventType "swiss"]
[EventRounds "9"]
[EventCountry "FIN"]
[SourceTitle "CBM 191 Extra"]
[Source "ChessBase"]
[SourceDate "2019.09.30"]
[SourceVersion "1"]
[SourceVersionDate "2019.09.30"]
[SourceQuality "1"]

1. Nf3 Nf6 2. g3 b6 3. Bg2 Bb7 4. 0-0 g6 5. d3 Bg7 6. e4 d6 7. Nh4 e5 8. f4 Nbd7 9. Nc3 Qe7 10. f5 0-0-0 11. Kh1 Kb8 12. a4 c6 13. a5 d5 14. axb6 Nxb6 15. Bg5 d4 16. Na4 Rd6 17. Bd2 Nxa4 18. Rxa4 c5 19. Qe2 Rb6 20. b3 Ne8 21. Nf3 Nd6 22. Ba5 Rb5 23. Nd2 Bc6 24. Raa1 Bh6 25. Nc4 Nxc4 26. dxc4 Rb7 27. Bd2 Bxd2 28. Qxd2 h5 29. h4 Rd8 30. Qd3 Rd6 31. fxg6 fxg6 32. Qf3 Bd7 33. Ra5 d3 34. Rxc5 Re6 35. Qf8+ Qxf8 36. Rxf8+ Be8 37. cxd3 Rxb3 38. Bh3 Rb1+ 39. Kg2 Rb2+ 40. Kf3 Rb1 41. Ke3 1-0

[Event "Heart of Finland op 28th"]
[Site "Jyvaskyla"]
[Date "2018.07.22"]
[Round "9"]
[White "Townsend, M Paul"]
[Black "Engman, Rikard"]
[Result "1/2-1/2"]
[WhiteElo "2219"]
[BlackElo "2171"]
[PlyCount "42"]
[EventDate "2018.07.16"]
[EventType "swiss"]
[EventRounds "9"]
[EventCountry "FIN"]
[SourceTitle "CBM 185 Extra"]
[Source "ChessBase"]
[SourceDate "2018.07.29"]
[SourceVersion "1"]
[SourceVersionDate "2018.07.29"]
[SourceQuality "1"]

1. d4 Nf6 2. c4 e6 3. g3 c5 4. Nf3 cxd4 5. Nxd4 Nc6 6. Bg2 Bc5 7. Nb3 Be7 8. Nc3 b6 9. 0-0 Ba6 10. Nb5 Rc8 11. a4 0-0 12. Bd2 d5 13. Rc1 Qd7 14. cxd5 Nxd5 15. e4 Nc7 16. Rxc6 Qxc6 17. Nxa7 Qxa4 18. Nxc8 Rxc8 19. Re1 Rd8 20. Qc1 Nb5 21. Re3 Nd4 1/2-1/2

[Event "Heart of Finland op 28th"]
[Site "Jyvaskyla"]
[Date "2018.07.21"]
[Round "8"]
[White "Engman, Rikard"]
[Black "Galchenko, Matvey"]
[Result "1/2-1/2"]
[WhiteElo "2171"]
[BlackElo "2355"]
[PlyCount "72"]
[EventDate "2018.07.16"]
[EventType "swiss"]
[EventRounds "9"]
[EventCountry "FIN"]
[SourceTitle "CBM 185 Extra"]
[Source "ChessBase"]
[SourceDate "2018.07.29"]
[SourceVersion "1"]
[SourceVersionDate "2018.07.29"]
[SourceQuality "1"]

1. d4 Nf6 2. c4 c5 3. d5 e6 4. Nc3 exd5 5. cxd5 d6 6. Nf3 g6 7. Bf4 Bg7 8. Qa4+ Bd7 9. Qb3 b5 10. Nxb5 Qa5+ 11. Nc3 0-0 12. Nd2 Na6 13. Bxd6 Rfe8 14. e3 Nb4 15. Nc4 Qd8 16. Rd1 a5 17. Rd2 Ng4 18. Be2 Nh6 19. 0-0 Nf5 20. Bxc5 Na6 21. Bb6 Qg5 22. f4 Qh6 23. g4 Ne7 24. Bf3 Rab8 25. Qa3 g5 26. Qxa5 gxf4 27. exf4 Qxf4 28. Qxa6 Rec8 29. Be4 Qh6 30. g5 Qh4 31. d6 Bxc3 32. bxc3 Qxe4 33. Rd4 Qe2 34. Rf2 Qe1+ 35. Rf1 Qe2 36. Rf2 Qe1+ 1/2-1/2

[Event "SWE-chT 1112"]
[Site "Sweden"]
[Date "2012.02.04"]
[Round "5"]
[White "Sagit, Rauan"]
[Black "Engman, Rikard"]
[Result "1/2-1/2"]
[WhiteElo "2368"]
[BlackElo "2185"]
[PlyCount "111"]
[EventDate "2011.10.07"]
[EventType "team-tourn"]
[EventRounds "9"]
[EventCountry "SWE"]
[SourceTitle "EXT 2013"]
[Source "ChessBase"]
[SourceDate "2012.11.22"]
[SourceVersion "1"]
[SourceVersionDate "2012.11.22"]
[SourceQuality "1"]
[WhiteTeam "Viking"]
[BlackTeam "Umea Rockaden"]
[WhiteTeamCountry "SWE"]
[BlackTeamCountry "SWE"]

1. e4 e5 2. Nf3 Nc6 3. Bb5 a6 4. Ba4 Nf6 5. 0-0 Bc5 6. Nxe5 Nxe5 7. d4 b5 8. Bb3 Bxd4 9. Qxd4 d6 10. Qd1 Bb7 11. f3 c5 12. c3 0-0 13. Bg5 h6 14. Bh4 Re8 15. Bc2 Nc4 16. Qc1 d5 17. b3 Nb6 18. Rd1 Qe7 19. Nd2 g5 20. Bf2 dxe4 21. Re1 Nbd5 22. Nxe4 Nxe4 23. Bxe4 Qc7 24. Qc2 Rad8 25. Rad1 c4 26. b4 Nf4 27. Bh7+ Kg7 28. Bd4+ Kf8 29. Qf5 Qc6 30. Bc5+ Kg7 31. Bd4+ Kf8 32. Kf1 Nd3 33. Rxe8+ Rxe8 34. h4 Bc8 35. Qf6 Qxf6 36. Bxf6 gxh4 37. Bxd3 cxd3 38. Rxd3 h3 39. gxh3 Bxh3+ 40. Kf2 Kg8 41. Rd6 Re6 42. Rd8+ Kh7 43. Bd4 Bf5 44. Kg3 Bb1 45. a3 Kg6 46. Kf4 f6 47. Rg8+ Kf7 48. Rg1 Bc2 49. Rg2 Bb1 50. Rb2 Bd3 51. Rd2 Bc4 52. Rd1 Bb3 53. Rh1 Kg6 54. Rg1+ Kf7 55. Kg4 Re2 56. Kf4 1/2-1/2

[Event "SWE-chT2 1011"]
[Site "Sweden"]
[Date "2010.12.04"]
[Round "3"]
[White "Andersson, Bjorn2222"]
[Black "Engman, Rikard"]
[Result "1-0"]
[WhiteElo "2289"]
[BlackElo "2179"]
[PlyCount "79"]
[EventDate "2010.10.23"]
[EventType "team-tourn"]
[EventRounds "9"]
[EventCountry "SWE"]
[SourceTitle "EXT 2012"]
[Source "ChessBase"]
[SourceDate "2011.11.24"]
[SourceVersion "1"]
[SourceVersionDate "2011.11.24"]
[SourceQuality "1"]
[WhiteTeam "Burgsvik Alva"]
[BlackTeam "Umea Rockaden"]
[WhiteTeamCountry "SWE"]
[BlackTeamCountry "SWE"]

1. e4 e5 2. Nf3 Nc6 3. Bb5 a6 4. Ba4 Nf6 5. Qe2 b5 6. Bb3 Bc5 7. c3 0-0 8. d3 d6 9. Bg5 Be6 10. Bd5 Bxd5 11. exd5 Ne7 12. c4 Ng6 13. 0-0 h6 14. Be3 Bxe3 15. fxe3 bxc4 16. dxc4 Ne4 17. Nbd2 Nxd2 18. Nxd2 Qg5 19. Rf3 Qh5 20. Qf2 f5 21. Rf1 Nh4 22. Rh3 g5 23. Nf3 Nxf3+ 24. Rxf3 f4 25. exf4 Rxf4 26. Qe2 Rxf3 27. Rxf3 Qg6 28. Qf1 Qg7 29. Rf6 Rf8 30. Rf5 Rxf5 31. Qxf5 Qf7 32. Qxf7+ Kxf7 33. b4 Ke7 34. Kf2 Kd7 35. Ke3 Kc8 36. Ke4 a5 37. b5 Kb7 38. c5 a4 39. b6 dxc5 40. bxc7 1-0

[Event "SWE-chT 0910"]
[Site "Sweden"]
[Date "2009.10.16"]
[Round "9"]
[White "Krantz, Christopher"]
[Black "Engman, Rikard"]
[Result "1/2-1/2"]
[WhiteElo "2150"]
[BlackElo "2173"]
[PlyCount "135"]
[EventDate "2009.10.16"]
[EventType "team"]
[EventRounds "11"]
[EventCountry "SWE"]
[SourceTitle "EXT 2011"]
[Source "ChessBase"]
[SourceDate "2010.11.26"]
[SourceVersion "1"]
[SourceVersionDate "2010.11.26"]
[SourceQuality "1"]
[WhiteTeam "Eksjo"]
[BlackTeam "Umea Rockaden"]
[WhiteTeamCountry "SWE"]
[BlackTeamCountry "SWE"]

1. d4 Nf6 2. c4 e6 3. Nf3 b6 4. Nc3 Bb7 5. Bg5 Be7 6. e3 h6 7. Bh4 Ne4 8. Bxe7 Qxe7 9. Nxe4 Bxe4 10. Be2 Qb4+ 11. Qd2 Qxd2+ 12. Nxd2 Bb7 13. Bf3 Bxf3 14. Nxf3 d6 15. Ke2 c5 16. Rhb1 Nc6 17. a3 cxd4 18. exd4 Na5 19. Nd2 Rc8 20. Rc1 Nc6 21. Kd3 e5 22. Nf3 f5 23. dxe5 dxe5 24. Kc3 0-0 25. Rd1 e4 26. Nd4 Ne5 27. b3 a6 28. Ne6 Rfe8 29. Nf4 b5 30. Rd4 bxc4 31. bxc4 Ng4 32. Rd5 Nxf2 33. Rxf5 e3 34. Rd5 e2 35. Re1 Re3+ 36. Nd3 Nd1+ 37. Kd4 Rce8 38. Ne5 Rxa3 39. Rxe2 Nc3 40. Re3 Nxd5 41. Rxa3 Nc7 42. Nc6 Re2 43. Rg3 Ne6+ 44. Kd5 Nf4+ 45. Kd6 Nxg2 46. Ne7+ Kh7 47. Nd5 Nh4 48. Rd3 Nf5+ 49. Kd7 Re4 50. Rc3 Nd4 51. Nc7 Ne2 52. Rc2 Nd4 53. Rc1 Ne2 54. Rc2 Nd4 55. Rb2 Nf3 56. c5 Ne5+ 57. Kc8 Rc4 58. Nxa6 Nd3 59. Rb5 Rc2 60. h3 g5 61. Kd7 Nxc5+ 62. Rxc5 Rxc5 63. Nxc5 Kg6 64. Ne4 g4 65. hxg4 h5 66. g5 h4 67. Ke6 h3 68. Ke5 1/2-1/2

[Event "SWE-chT2 0809"]
[Site "Sweden"]
[Date "2009.01.17"]
[Round "4"]
[White "Bryntze, Stefan"]
[Black "Engman, Rikard"]
[Result "0-1"]
[WhiteElo "2222"]
[BlackElo "2212"]
[PlyCount "86"]
[EventDate "2008.10.25"]
[EventType "team-tourn"]
[EventRounds "9"]
[EventCountry "SWE"]
[SourceTitle "EXT 2011"]
[Source "ChessBase"]
[SourceDate "2010.11.26"]
[SourceVersion "1"]
[SourceVersionDate "2010.11.26"]
[SourceQuality "1"]

1. f4 d5 2. e3 g6 3. Nf3 Bg7 4. Be2 c5 5. 0-0 Nf6 6. Bb5+ Bd7 7. Qe2 0-0 8. Bxd7 Qxd7 9. d3 Nc6 10. Nbd2 Rfe8 11. Ne5 Nxe5 12. fxe5 Ng4 13. d4 f6 14. Nb3 cxd4 15. exd4 fxe5 16. Nc5 Qc8 17. h3 e4 18. Nxe4 Bxd4+ 19. Kh1 Nf6 20. Ng5 Nh5 21. Qd3 Qc4 22. Rd1 Qxd3 23. Rxd3 e5 24. Bd2 Rad8 25. Re1 Bf2 26. Rd1 e4 27. Rb3 e3 28. Be1 Rd7 29. Kh2 e2 30. Rb1 Be3 31. Nf3 d4 32. g3 Rc8 33. Ne5 Re7 34. Ng4 Rxc2 35. Nxe3 dxe3 36. Rc3 Rxc3 37. bxc3 Rf7 38. Kg2 Rf1 39. c4 Nf6 40. a4 Ne4 41. Rb3 Rxe1 42. Rxe3 Nc5 43. Kf2 Rc1 0-1

[Event "SWE-chT 0607"]
[Site "Sweden"]
[Date "2007.03.17"]
[Round "10"]
[White "Malesevic, Nedeljko"]
[Black "Engman, Rikard"]
[Result "0-1"]
[WhiteElo "2342"]
[BlackElo "2298"]
[PlyCount "60"]
[EventDate "2006.10.20"]
[EventType "team"]
[EventRounds "11"]
[EventCountry "SWE"]
[SourceTitle "EXT 2009"]
[Source "ChessBase"]
[SourceDate "2008.11.26"]
[SourceVersion "1"]
[SourceVersionDate "2008.11.26"]
[SourceQuality "1"]
[WhiteTeam "Linkoping"]
[BlackTeam "Umea Rockaden"]
[WhiteTeamCountry "SWE"]
[BlackTeamCountry "SWE"]

1. d4 Nf6 2. c4 e6 3. Nf3 b6 4. g3 Ba6 5. b3 Bb4+ 6. Bd2 Be7 7. Bg2 c6 8. Nc3 d5 9. cxd5 cxd5 10. Ne5 0-0 11. 0-0 b5 12. Bg5 h6 13. Bxf6 Bxf6 14. f4 Bxe5 15. fxe5 Qg5 16. Rf4 b4 17. Na4 Nd7 18. Qd2 Qe7 19. Nc5 Nxc5 20. Qxb4 Rac8 21. Qa3 Bxe2 22. Rf2 Bb5 23. Rc1 Ne4 24. Qxe7 Rxc1+ 25. Rf1 Bxf1 26. Bxf1 Rfc8 27. g4 R8c2 28. Qe8+ Kh7 29. Qxf7 Ng5 30. Qf8 Nh3+ 0-1

[Event "SWE-chT 0607"]
[Site "Sweden"]
[Date "2007.03.03"]
[Round "8"]
[White "Lyrberg, Patrik"]
[Black "Engman, Rikard"]
[Result "1-0"]
[WhiteElo "2527"]
[BlackElo "2298"]
[PlyCount "73"]
[EventDate "2006.10.20"]
[EventType "team"]
[EventRounds "11"]
[EventCountry "SWE"]
[SourceTitle "EXT 2009"]
[Source "ChessBase"]
[SourceDate "2008.11.26"]
[SourceVersion "1"]
[SourceVersionDate "2008.11.26"]
[SourceQuality "1"]
[WhiteTeam "Wasa"]
[BlackTeam "Umea Rockaden"]
[WhiteTeamCountry "SWE"]
[BlackTeamCountry "SWE"]

1. d4 Nf6 2. c4 e6 3. Nc3 Bb4 4. e3 c5 5. Bd3 Nc6 6. Nge2 cxd4 7. exd4 d5 8. 0-0 dxc4 9. Bxc4 0-0 10. Qd3 Bd6 11. a3 e5 12. d5 e4 13. Nxe4 Ne5 14. Qd4 Nxe4 15. Qxe4 Bg4 16. Ng3 f5 17. Qd4 h5 18. Bf4 Nxc4 19. Qxc4 Rc8 20. Qd4 Bxf4 21. Qxf4 h4 22. Ne4 Be2 23. Ng5 Rc4 24. Qe5 Qxg5 25. Qxe2 h3 26. g3 Re4 27. Qf3 Rg4 28. Qe2 Re4 29. Qd3 Qf6 30. Rfd1 Qd6 31. Rac1 Rfe8 32. Qf1 f4 33. Qxh3 fxg3 34. hxg3 Re2 35. Rc8 Qe7 36. d6 Re1+ 37. Kh2 1-0

[Event "Rilton Cup 36th"]
[Site "Stockholm"]
[Date "2007.01.05"]
[Round "9"]
[White "Semcesen, Daniel"]
[Black "Engman, Rikard"]
[Result "1/2-1/2"]
[WhiteElo "2286"]
[BlackElo "2142"]
[PlyCount "130"]
[EventDate "2006.12.27"]
[EventType "swiss"]
[EventRounds "9"]
[EventCountry "SWE"]
[SourceTitle "CBM 116 Extra"]
[Source "ChessBase"]
[SourceDate "2007.03.07"]
[SourceVersion "1"]
[SourceVersionDate "2007.03.07"]
[SourceQuality "1"]

1. d4 Nf6 2. c4 e6 3. Nf3 b6 4. Nc3 Bb7 5. Bg5 h6 6. Bh4 Be7 7. e3 Ne4 8. Bxe7 Qxe7 9. Nxe4 Bxe4 10. Nd2 Bb7 11. Be2 Bxg2 12. Rg1 Bb7 13. Bf3 Nc6 14. Rxg7 0-0-0 15. Qa4 Rdg8 16. Rg3 h5 17. 0-0-0 h4 18. Rgg1 a5 19. a3 f5 20. Nb3 Rxg1 21. Rxg1 Qd6 22. Rh1 Nd8 23. c5 bxc5 24. dxc5 Qe5 25. Qd4 Qxd4 26. Nxd4 Rg8 27. Kd2 Rg5 28. Bxb7+ Nxb7 29. b4 Rg2 30. Ke2 axb4 31. axb4 h3 32. Nf3 Nd8 33. Ng1 Nc6 34. Nxh3 Nxb4 35. Nf4 Rg8 36. h4 e5 37. Nh5 Nd5 38. Ng3 f4 39. Ne4 fxe3 40. fxe3 Rg6 41. h5 Rh6 42. Kf3 Kd8 43. Rh3 Ke7 44. Kg4 Nf6+ 45. Nxf6 Kxf6 46. e4 Kg7 47. Kg5 Rc6 48. Rd3 d6 49. cxd6 cxd6 50. Rb3 Rc1 51. Rb7+ Kg8 52. Rb8+ Kg7 53. Rb7+ Kg8 54. Rd7 Rg1+ 55. Kf5 Rf1+ 56. Kg6 Rg1+ 57. Kf5 Rf1+ 58. Ke6 Re1 59. Kd5 Rd1+ 60. Ke6 Re1 61. Rxd6 Rxe4 62. Rd5 Kg7 63. Rxe5 Rxe5+ 64. Kxe5 Kh6 65. Kf5 Kxh5 1/2-1/2

[Event "SWE-chT 0607"]
[Site "Sweden"]
[Date "2006.10.20"]
[Round "1"]
[White "Nilsson, Sebastian"]
[Black "Engman, Rikard"]
[Result "0-1"]
[WhiteElo "2349"]
[BlackElo "2298"]
[PlyCount "40"]
[EventDate "2006.10.20"]
[EventType "team"]
[EventRounds "11"]
[EventCountry "SWE"]
[SourceTitle "EXT 2009"]
[Source "ChessBase"]
[SourceDate "2008.11.26"]
[SourceVersion "1"]
[SourceVersionDate "2008.11.26"]
[SourceQuality "1"]
[WhiteTeam "Lund"]
[BlackTeam "Umea Rockaden"]
[WhiteTeamCountry "SWE"]
[BlackTeamCountry "SWE"]

1. e4 e5 2. Nf3 Nc6 3. Nc3 Nf6 4. d4 exd4 5. Nxd4 Bb4 6. Nxc6 bxc6 7. Bd3 d6 8. 0-0 Ng4 9. h3 Ne5 10. Be2 Qh4 11. Re1 Bc5 12. Be3 Bxe3 13. fxe3 Qg3 14. Kh1 h5 15. Qd2 Bxh3 16. gxh3 Qxh3+ 17. Kg1 Rh6 18. Bf1 Nf3+ 19. Kf2 Qh2+ 20. Kxf3 Rf6# 0-1